Trädgårdstoppen / (Post nr. 56042)

MARC-detaljer
000 -LEADER
fixed length control field 01716cam a2200505 a 4500
001 - CONTROL NUMBER
control field 12033056
003 - CONTROL NUMBER IDENTIFIER
control field LIBRIS
005 - DATE AND TIME OF LATEST TRANSACTION
control field 20210217124940.0
008 - FIXED-LENGTH DATA ELEMENTS--GENERAL INFORMATION
fixed length control field 101111s2011 sw |||| |00| 0 swe
020 ## - INTERNATIONAL STANDARD BOOK NUMBER
International Standard Book Number 9789153436645 (inb.)
035 ## - SYSTEM CONTROL NUMBER
System control number (Bo)471341
040 ## - CATALOGING SOURCE
Original cataloging agency LGEN
Modifying agency S
082 04 - DEWEY DECIMAL CLASSIFICATION NUMBER
Classification number 712.09485
Edition number 22/swe
084 ## - OTHER CLASSIFICATION NUMBER
Classification number Icu
Number source kssb/8 (machine generated)
100 1# - MAIN ENTRY--PERSONAL NAME
Personal name Englander, Peter,
Dates associated with a name 1956-
Authority record control number or standard number 342555
245 10 - TITLE STATEMENT
Title Trädgårdstoppen /
Statement of responsibility, etc. text: Peter Englander ; foto: Ola Magnestam ...
260 ## - PUBLICATION, DISTRIBUTION, ETC.
Place of publication, distribution, etc. Västerås :
Name of publisher, distributor, etc. Ica,
Date of publication, distribution, etc. 2011
Place of manufacture (Slovenien)
300 ## - PHYSICAL DESCRIPTION
Extent 126 s. :
Other physical details ill. ;
Dimensions 28 cm
650 #7 - SUBJECT ADDED ENTRY--TOPICAL TERM
Topical term or geographic name entry element Trädgårdar
Geographic subdivision Sverige
Source of heading or term sao
650 #7 - SUBJECT ADDED ENTRY--TOPICAL TERM
Topical term or geographic name entry element Trädgårdskonst
Geographic subdivision Sverige
Source of heading or term sao
700 1# - ADDED ENTRY--PERSONAL NAME
Personal name Magnestam, Ola,
Dates associated with a name 1977-
Relationship pht
Authority record control number or standard number 342556
942 ## - ADDED ENTRY ELEMENTS (KOHA)
Source of classification or shelving scheme Other/Generic Classification Scheme
Koha item type Bok
Bestånd
Withdrawn status Lost status Source of classification or shelving scheme Damaged status Not for loan Home library Current library Date acquired Total Checkouts Full call number Barcode Date last seen Price effective from Koha item type
    Other/Generic Classification Scheme     Karlskoga Lasarettsbibliotek Karlskoga Lasarettsbibliotek 17/02/2021   Qe 800414592965E 17/02/2021 17/02/2021 Bok
Medicinska biblioteket, Karlskoga lasarett
Måndag och onsdag: 10.00-14.30, Lunchstängt 11.30-12.00.
Fredagar: 10.00-12.00.

Madelene Ribbing, bibliotekarie
Lena Mileraux, biblioteksassistent/administratör
0586-664 49
medbibl.kgalas@regionorebrolan.se




Medicinska biblioteket, Lindesbergs lasarett
Dörren till bibliotket är upplåst mellan 07-16:00 på vardagar.
Dörren i hisshallen är öppen måndag - tosdag 7.00 - 15.00. Fredagar stängt.

Bibliotekets bemanning:
Mån: självbetjäning
Tis, ons och tors: 10-15
Fre: självbetjäning

Madelene Ribbing, bibliotekarie
Telefon: 0581-853 11, 072-14 77 552
medbibl.lbglas@regionorebrolan.se